000
00278nam a2200097Ia 4500
001
697267
005
20250826162028.0
008
250824s9999 xx 000 0 und d
245
0
_a
Korku Kültürü Niçin Mış Gibi Yaşıyoruz?
_c
DOĞAN CÜCELOĞLU
260
_b
REMZİ KİTABEVİ
999
_c
697267
_d
697267